Estadísticas para Presidents de la Generalitat de Catalunya

Haz click aquí para intentar la prueba.

Estadísticas generales

  • Esta prueba ha sido intentada 26 veces
  • La puntuación promedio es 53 de 143

Estadísticas de respuestas

SegleNom% Correcto
XXIArtur Mas i Gavarró
86%
XXICarles Puigdemont i Casamajor
86%
XXLluís Companys i Jover
86%
XVILluís de Cardona i Enríquez
86%
XVILluís Desplà i d'Oms
86%
XVIILluís de Tena Gomez
86%
XVIPere Àngel Ferrer i Despuig
81%
XVIIPere Antoni Serra
81%
XXIPere Aragonès i García
81%
XVPere de Cardona
81%
XVPere de Darnius
81%
XVIIPere de Magarola i Fontanet
81%
XVPere de Palou
81%
XIVPere de Santamans
81%
XVPere Joan Llobera
81%
XVIPere Oliver Boteller i de Riquer
81%
XVIIPere Pau Caçador i d'Aguilar-Dusai
81%
XIVPere Vicenç
81%
XVIIIJosep Antoni Valls i Pandutxo
76%
XVIIJosep de Camporrells i de Sabater
76%
XVIIJosep de Magarola i de Grau
76%
XVIIIJosep de Vilamala
76%
XVIIIJosep Grau
76%
XXJosep Irla i Bosch
76%
XXIJosep Montilla i Aguilera
76%
XXJosep Puig i Cadafalch
76%
XVIIJosep Sastre i Prats
76%
XVIIJosep Soler
76%
XXJosep Tarradellas i Joan
76%
XXJordi Pujol i Soley
71%
XVIFrancesc Jeroni Benet Franc
67%
XVIJoan Pasqual
67%
XVIJordi Sanç
67%
XXIJoaquim Torra i Pla
57%
XXJoan Casanovas i Maristany
52%
XVIJoan d'Aragó
52%
XVJoan de Peralta
52%
XVJoan Desgarrigues
52%
XVIJoan de Tormo
52%
XIVJoan I d'Empúries
52%
XVIIJoan Jeroni Besora
52%
XVIJoan Margarit de Requesens
52%
XVJoan Maurici de Ribes
52%
XVIIJoan Paès i Vallgornera
52%
XVIMiquel Puig
52%
XVIIIFrancesc Antoni de Solanell i de Montellà
43%
XVFrancesc Colom
43%
XVIIFrancesc de Sentjust i de Castre
43%
XVIFrancesc de Solsona
43%
XVIIIFrancesc de Valls i Freixa
43%
XVIFrancesc Giginta
43%
XXFrancesc Macià i Llussà
43%
XVIIFrancesc Morillo
43%
XVIFrancesc Oliver de Boteller
43%
XVIFrancesc Oliveres
43%
XVIFrancesc Oliver i de Boteller
43%
XVIIFrancesc Pijoan
43%
XIXFrancesc Savalls i Massot
43%
XIVArnau Descolomer
38%
XXIPasqual Maragall i Mira
38%
XVAntoni d'Avinyó i de Moles
33%
XVIIAntoni de Planella i de Cruïlles
33%
XVIIAntoni de Saiol i de Quarteroni
33%
XVAntoni Pere Ferrer
33%
XVIAlfons d'Aragó
29%
XVAlfons de Tous
29%
XXAlfons Sala i Argemí
29%
XVIJaume Beuló
29%
XVIJaume Caçador
29%
XVIJaume Caçador i Claret
29%
XVIJaume Cerveró
29%
XVJaume de Cardona i de Gandia
29%
XVIIJaume de Copons i de Tamarit
29%
XVIIJaume de Cordelles i Oms
29%
XVIJaume Fiella
29%
XVMarc de Vilalba
29%
XVAndreu Bertran
24%
XVIIAndreu Pont
24%
XXEnric Prat de la Riba i Sarrà
24%
XVIFerran de Lloaces i Peres
24%
XVManuel de Montsuar i Mateu
24%
XVIIPau Claris i Casademunt
24%
XVIIPau d'Àger i d'Orcau
24%
XVIIPau del Rosso
24%
XVIIRamon d'Olmena i d'Alemany
24%
XIVRamon Gener
24%
XIVFelip d'Anglesola
19%
XVFelip de Malla
19%
XVFrancí Vicenç
19%
XVJuan Payo Coello
19%
XVIMartí Joan de Calders
19%
XVIMiquel d'Agullana
19%
XVIIMiquel d'Aimeric i de Codina
19%
XVIIMiquel d'Alentorn i de Salbà
19%
XVIMiquel de Ferrer i de Marimon
19%
XVMiquel Delgado
19%
XIVMiquel de Santjoan
19%
XVIMiquel de Tormo
19%
XVIMiquel d'Oms i de Sentmenat
19%
XVMiquel Samsó
19%
XVPedro de Mendoza
19%
XIVBerenguer de Cruïlles
14%
XVBerenguer de Sos
14%
XVIIICliment de Solanell i de Foix
14%
XIVGuillem de Guimerà i d'Abella
14%
XVIIIManuel de Copons i d'Esquerrer
14%
XVIIBaltasar de Muntaner i de Sacosta
10%
XVIIBenet de Fontanella
10%
XVIBenet de Tocco
10%
XVIIBenet Ignasi de Salazar
10%
XIVBernat Bussot
10%
XVIIBernat de Cardona i de Queralt
10%
XVIIBernat de Cardona i de Raset
10%
XVIBernat de Corbera
10%
XVBernat Guillem Samsó
10%
XIVBernat Vallès
10%
XVBertran Samsó
10%
XXCarlos de Lossada Canterac
10%
XVDalmau de Cartellà i Despou
10%
XVIDionís de Carcassona
10%
XVDomènec de Ram i Lanaja
10%
XVIEsteve de Garret
10%
XVIIEsteve de Mercadal i Dou
10%
XVIIEsteve Salacruz
10%
XVIFerrer Nicolau de Gualbes i Desvalls
10%
XIVGalceran de Besora i de Cartellà
10%
XVIIGispert d'Amar i Desbosc de Sant Vicenç
10%
XVIGonzalo Fernández de Heredia
10%
XVIJeroni de Requesens i Roís de Liori
10%
XVNicolau Pujades
10%
XVIIOnofre d'Alentron i de Botella
10%
XVIOnofre de Copons i de Vilafranca
10%
XVIOnofre Gomis
10%
XVPero Ximénez de Urrea i de Bardaixí
10%
XVPonç Andreu de Vilar
10%
XVIIRafael de Pinyana i Galvany
10%
XVIRafael d'Oms
10%
XIXRafael Tristany i Parera
10%
XIVRomeu Sescomes
10%
XXSantiago Estapé i Pagès
10%
XVIIAlfonso de Sotomayor
5%
XVIIGarcia Gil de Manrique y Maldonado
5%

Distribución de puntuación

Porcentaje por número respondido

Porcentaje de gente con cada puntuación

Historial de tus puntuaciones

No has intentado esta prueba.